| 000 | 01337nam a2200325 a 4500 | ||
|---|---|---|---|
| 001 | ebr10217098 | ||
| 003 | CaPaEBR | ||
| 006 | m u | ||
| 007 | cr cn||||||||| | ||
| 008 | 011015s2002 wiua s s000 0 eng | ||
| 010 | _z 2001005418 | ||
| 020 | _z0299176800 (cloth: alk. paper) | ||
| 020 | _z0299176843 (pbk.: alk. paper) | ||
| 040 |
_aCaPaEBR _cCaPaEBR |
||
| 035 | _a(OCoLC)298789187 | ||
| 050 | 1 | 4 |
_aPS3613.I56 _bB63 2002eb |
| 082 | 0 | 4 |
_a812/.54 _221 |
| 100 | 1 |
_aMiller, Tim, _d1958- |
|
| 245 | 1 | 0 |
_aBody blows _h[electronic resource] : _bsix performances / _cTim Miller. ; with a foreward by Tony Kushner. ; photographs by Dona Ann McAdams. |
| 260 |
_aMadison : _bUniversity of Wisconsin Press, _cc2002. |
||
| 300 |
_axxix, 241 p. : _bill. |
||
| 490 | 1 | _aLiving out | |
| 505 | 0 | _aSome golden states -- Stretch marks -- My queer body -- Naked breath -- Fruit cocktail -- Glory box. | |
| 533 |
_aElectronic reproduction. _bPalo Alto, Calif. : _cebrary, _d2013. _nAvailable via World Wide Web. _nAccess may be limited to ebrary affiliated libraries. |
||
| 650 | 0 |
_aGay men _vDrama. |
|
| 655 | 7 |
_aElectronic books. _2local |
|
| 710 | 2 | _aebrary, Inc. | |
| 830 | 0 | _aLiving out. | |
| 856 | 4 | 0 |
_uhttp://site.ebrary.com/lib/rucke/Doc?id=10217098 _zAn electronic book accessible through the World Wide Web; click to view |
| 999 |
_c231565 _d231565 |
||